00954nam a2200241 a 450000100100000000500170001000800410002702000150006804000250008304100390010808200150014710000250016224000630018724501310025026000290038130000210041049000500043153400770048150000350055865000320059370000360062583000510066100002320120260520104306.0101130s1979 mx 000 0 spa d a8430908005 aDO-SdBNPbspacBNPHU17aspabeng2Código de idiomas MARC a327bH711c1 aHoffmann, Stanley H.10aContemporary theory in internaticonal relation.lEspañol10aTeorías contemporáneas sobrelas relaciones internacionales /cStanley H. Hoffmann ; traducción M. D. López Martínez. aMadrid :bTecnos,c1979. a351 p. ;c23 cm.1 aCiencias Sociales. Relaciones internacionales a[Título en inglés] ;tContemporary theory in international relations aIncluye índice alfabético. 0aRelaciones internacionales 1 aLópez Martínez, M. D.,etr. 0aCiencias Sociales.pRelaciones internacionales